01021 a2200181 45000010006000000050017000060080041000230030015000640400040000790800094001192450110002130200022003232640106003453000019004515050159004701000022006298560188006512447620260407155529.0260407a2013 arg spa dAR-UNSa-BCEJYS aAR-UNSa-BCEJYSbspacAR-UNSa-BCEJYS a340.15xModelos históricos del derecho y de los sistemas jurídicos. Derecho primitivo10aHistoria de la codificación civil del Estado de Luisiana y su influencia en el Código Civil Argentino a978-950-23-2173-8 1aBuenos Aires :bUniversidad de Buenos Aires. Facultad de Derecho. Departamento de Publicacionesc2013 a426 p.c23 cm. a1. Luisiana - 2. Difusión del texto del Código de 1825 durante el siglo XIX - 3. Impacto del Código de 1825 en el Código de 1871 - 4. Conclusiones1 aParise, Agustín41uhttps://biblioeco.unsa.edu.ar/pmb/images/libros/Historia dela Codificaci?n Civil del Estado de Luisiana y su Influencia en el C?digo Civil Argentino.jpgyImagen de portadaqimage/jpeg